Chhuk-chhuk-chhak / (Record no. 53617)
[ view plain ]
| 000 -LEADER | |
|---|---|
| fixed length control field | 01516nam a22002777a 4500 |
| 005 - DATE AND TIME OF LATEST TRANSACTION | |
| control field | 20110705101758.0 |
| 020 ## - INTERNATIONAL STANDARD BOOK NUMBER | |
| International Standard Book Number | 8182636981 |
| Terms of availability | 15.00 |
| 020 ## - INTERNATIONAL STANDARD BOOK NUMBER | |
| International Standard Book Number | 9788182636989 |
| Terms of availability | 15.00 |
| 035 ## - SYSTEM CONTROL NUMBER | |
| System control number | B-432174-178 |
| 037 ## - SOURCE OF ACQUISITION | |
| Stock number | DPL |
| Source of stock number/acquisition | Blue Berry |
| 082 ## - DEWEY DECIMAL CLASSIFICATION NUMBER | |
| Classification number | S |
| 100 ## - MAIN ENTRY--PERSONAL NAME | |
| Personal name | Vinita Krishna |
| 245 ## - TITLE STATEMENT | |
| Title | Chhuk-chhuk-chhak / |
| Statement of responsibility, etc | by Vinita Krishna; illustrated by Suvidha Mistry; translated by Ritu Singh |
| 250 ## - EDITION STATEMENT | |
| Edition statement | 3rd |
| 260 ## - PUBLICATION, DISTRIBUTION, ETC. (IMPRINT) | |
| Place of publication, distribution, etc | New Delhi |
| Name of publisher, distributor, etc | Pratham Books |
| Date of publication, distribution, etc | 2010 |
| 270 ## - ADDRESS | |
| Address | 633-634, 4th "C" Main, 6th 'B' Cross, OMBR Layout, Banaswadi |
| City | Bangalore |
| Postal code | 560043 |
| Telephone number | 011-65684113 |
| 300 ## - PHYSICAL DESCRIPTION | |
| Extent | 8p. |
| Other physical details | ill. |
| Dimensions | 17 cm.(pbk) |
| 700 ## - ADDED ENTRY--PERSONAL NAME | |
| 9 (RLIN) | 29160 |
| 942 ## - ADDED ENTRY ELEMENTS (KOHA) | |
| Source of classification or shelving scheme | Dewey Decimal Classification |
| Item type | Children Books |
| Classification part | S |
| Call number suffix | VIN |
| Withdrawn status | Lost status | Not for loan | Collection code | Home library | Current library | Date acquired | Source of acquisition | Cost, normal purchase price | Full call number | Barcode | Copy number | Cost, replacement price | Koha item type |
|---|---|---|---|---|---|---|---|---|---|---|---|---|---|
| Fiction | Central Library | Central Library | 20/07/2011 | Blue Berry/6363/25.3.11/83/21.3.11/31.3.11 | 15.00 | S VIN | B-432174 | 1 | 15.00 | Children Books | |||
| Fiction | Karol Bagh | Karol Bagh | 20/07/2011 | Blue Berry/6363/25.3.11/83/21.3.11/31.3.11 | 15.00 | S VIN | B-432177 | 1 | 15.00 | Children Books | |||
| Fiction | Patel Nagar | Patel Nagar | 20/07/2011 | Blue Berry/6363/25.3.11/83/21.3.11/31.3.11 | 15.00 | S VIN | B-432175 | 1 | 15.00 | Children Books | |||
| Fiction | Sarojini Nagar | Sarojini Nagar | 20/07/2011 | Blue Berry/6363/25.3.11/83/21.3.11/31.3.11 | 15.00 | S VIN | B-432176 | 1 | 15.00 | Children Books | |||
| Lost and Paid For | Fiction | Shahdara Branch | Shahdara Branch | 20/07/2011 | Blue Berry/6363/25.3.11/83/21.3.11/31.3.11 | 15.00 | S VIN | B-432178 | 1 | 15.00 | Children Books |
